Osvoboditel
| Main Author: | |
|---|---|
| Format: | Book |
| Language: | Czech |
| Published: |
Praha
Art-servis
1991
|
MARC
| LEADER | 00000nam a2200000 a 4500 | ||
|---|---|---|---|
| 001 | vtls001152739 | ||
| 003 | SK-MaSNL | ||
| 005 | 20260302064644.0 | ||
| 008 | 240314s1991 CS 0 cze | ||
| 035 | |a SNK000095621 | ||
| 040 | |a SNK |b slo |c SNK |e AACR2 | ||
| 041 | 0 | |a cze | |
| 044 | |a [CS] | ||
| 100 | 1 | |a Dak, J.F. |4 aut |9 727043 | |
| 245 | 1 | 0 | |a Osvoboditel |c J.F. Dak |
| 260 | |a Praha |b Art-servis |c 1991 | ||
| 999 | |c 1138621 |d 1140551 | ||
| 952 | |t P60, <05>, [BOOK], {605} |a SNK |b SNK |y PREZ |7 0 |p 17A0330985 |o snkIB 65824 D1 |0 0 |1 1 |4 0 |d 2002-02-08 |l 0 |r 2005-01-01 00:00:00 |w 2026-02-24 | ||


